| 000 | 00511nam a2200193Ia 4500 | ||
|---|---|---|---|
| 005 | 20250325065415.0 | ||
| 008 | 240331s9999 xx 000 0 und d | ||
| 020 | _a0415128013 | ||
| 082 |
_a302.234 _bANG _25171 |
||
| 100 | _aAng, I | ||
| 245 | 0 |
_aLiving Room Wars: _bRethinking Media Audiences for a Postmodern World |
|
| 260 |
_aLondon; _aNew York, _bRoutledge _c1996 |
||
| 300 | _aviii, 208 p., | ||
| 650 | _aMedia | ||
| 650 | _aPostmodernism | ||
| 650 | _aGender | ||
| 650 | _aGlobal Culture | ||
| 942 | _cL | ||
| 999 |
_c1150 _d1150 |
||